How to Expand Love (Record no. 19741)

MARC details
000 -LEADER
fixed length control field 00299nam a22001337a 4500
020 ## - INTERNATIONAL STANDARD BOOK NUMBER
ISBN 9780743269698
082 ## - DEWEY DECIMAL CLASSIFICATION NUMBER
Classification number 294.356775 DAL
100 ## - MAIN ENTRY--AUTHOR NAME
Author name DalaiLama
245 ## - TITLE STATEMENT
Title How to Expand Love
260 ## - PUBLICATION, DISTRIBUTION, ETC. (IMPRINT)
Place of publication New Yark
Name of publisher ATRIA Books
Year of publication 2005
300 ## - PHYSICAL DESCRIPTION
Number of Pages 212
650 ## - SUBJECT ADDED ENTRY--TOPICAL TERM
Topical Term Buddhism _ Sprituality
942 ## - ADDED ENTRY ELEMENTS (KOHA)
Koha item type Books
Holdings
Home library Current library Date acquired Full call number Accession Number Koha item type
Henry Martyn Institute Library Henry Martyn Institute Library 04/05/2016 294.356775 DAL 24925 Books
                   Copyright © 2026 | Henry Martyn Institute | Hyderabad | TS-500052 | INDIA | Implemented by hmi.edu.in
Hit-Count:

Powered by Koha